Vista normal
Vista MARC
Entrada Título uniforme
Número de registros utilizados en: 1
001 - NÚMERO DE CONTROL
- campo de control: 81475
003 - IDENTIFICADOR DEL NÚMERO DE CONTROL
- campo de control: DO-SdBNP
005 - FECHA Y HORA DE LA ÚLTIMA TRANSACCIÓN
- campo de control: 20220420091601.0
008 - DATOS DE LONGITUD FIJA
- campo de control de longitud fija: 220420|| aca||aabn | a|a d
040 ## - FUENTE DE LA CATALOGACIÓN
- Centro catalogador/agencia de origen: DO-SdBNP
- Centro/agencia transcriptor: DO-SdBNP
130 ## - ENCABEZAMIENTO--TÍTULO UNIFORME
- Título uniforme: Paz--Biografía
670 ## - FUENTE DE DATOS ENCONTRADOS
- Cita de la fuente: Work cat.: (DO-SdBNP)3107: Cornielle Segura , Carlos, 1916- 10315, Heroes de la paz /, 1986.
